000 01344nam a2200325Ia 4500
001 ebr10180757
003 CaPaEBR
006 m u
007 cr cn|||||||||
008 080801s2007 dcua sb 001 0 eng d
010 _z 2007003319
020 _z9780821370117
020 _z9780821370124 (ebook)
040 _aCaPaEBR
_cCaPaEBR
035 _a(OCoLC)560438485
050 1 4 _aHD4920.L38
_bC86 2007eb
100 1 _aCunningham, Wendy V.
245 1 0 _aMinimum wages and social policy
_h[electronic resource] :
_blessons from developing countries /
_cWendy V. Cunningham.
260 _aWashington, D.C. :
_bWorld Bank,
_cc2007.
300 _axvi, 132 p. :
_bill.
490 1 _aDirections in development. Human development
504 _aIncludes bibliographical references and index.
533 _aElectronic reproduction.
_bPalo Alto, Calif. :
_cebrary,
_d2011.
_nAvailable via World Wide Web.
_nAccess may be limited to ebrary affiliated libraries.
650 0 _aMinimum wage
_zLatin America.
651 0 _aLatin America
_xSocial policy.
655 7 _aElectronic books.
_2local
710 2 _aebrary, Inc.
830 0 _aDirections in development (Washington, D.C.).
_pHuman development.
856 4 0 _uhttp://site.ebrary.com/lib/rucke/Doc?id=10180757
_zAn electronic book accessible through the World Wide Web; click to view
999 _c238520
_d238520